000 00396nam a2200169Ia 4500
008 230711s9999||||xx |||||||||||||| ||und||
020 _a978-81-315-1714-7
041 _aENG
082 _a658
_bDA-L
100 _aDaft,Richard L.
245 0 _aLeadership
250 _a5th Ed.
260 _c2012
_aDelhi
_bCengage Learning
300 _a507
650 _aUNIVESITY BUSNIESS SCHOOL
942 _cBK
999 _c5605
_d5605